| 000 | 01328 a2200253 4500 | ||
|---|---|---|---|
| 001 | 59032 | ||
| 005 | 20260407155845.0 | ||
| 008 | 260407a arg spa d | ||
| 003 | AR-UNSa-BCEJYS | ||
| 040 |
_aAR-UNSa-BCEJYS _bspa _cAR-UNSa-BCEJYS |
||
| 080 |
_a339.5 _xComercio exterior. Comercio Internacional |
||
| 245 | 1 | 0 | _aInternacionalización de empresas y tecnología de origen argentino |
| 020 | _a950-23-0191-9 | ||
| 264 | 1 |
_aBuenos Aires : _bEUDEBA (Editorial Universitaria de Buenos Aires) |
|
| 300 |
_a331 p. _c23 cm. |
||
| 505 | _a1. De la industria incipiente a la exportación de tecnología: la experiencia argentina en la venta internacional de plantas industriales y obras de ingeniería (1973-1977) – 2. Los servicios de consultoría en la Argentina: oferta local y experiencia exportadora – 3. Exportación argentina de servicios de ingeniería y construcción – 4. Inversiones directas en el exterior de empresas industriales argentinas – 5. Análisis comparativo de los estudios sobre la actividad internacional de empresas argentinas propuestas para políticas publicas | ||
| 942 | _cBK | ||
| 590 | _aniveau_biblio:m niveau_hierar:0 | ||
| 100 | 1 | _aAblin, Eduardo | |
| 700 | 1 | _aGatto, Francisco | |
| 700 | 1 | _aKatz, Jorge M. | |
| 700 | 1 | _aKosacoff, Bernardo | |
| 700 | 1 | _aSoifer, Ricardo J. | |
| 999 |
_c6585 _d6585 |
||